Statistics for Everton Scorers in Premier League 2019-20

Click here to take the quiz!

General Stats

  • This quiz has been taken 33 times
  • The average score is 6 of 11

Answer Stats

PlayerGoals% Correct
Dominic Calvert-Lewin13
92%
Richarlison13
92%
Moise Kean2
77%
Michael Keane2
69%
Gylfi Sigurðsson2
65%
Yerry Mina2
62%
Tom Davies1
54%
Theo Walcott2
42%
Alex Iwobi1
38%
Bernard3
38%
Cenk Tosun1
15%

Score Distribution

Percentile by Number Answered

Percent of People with Each Score

Your Score History

You have not taken this quiz